Effects of malunggay leaves concoction (Record no. 79854)
[ view plain ]
| 000 -LEADER | |
|---|---|
| fixed length control field | 01751nam a22002417a 4500 |
| 003 - CONTROL NUMBER IDENTIFIER | |
| control field | URS |
| 005 - DATE AND TIME OF LATEST TRANSACTION | |
| control field | 20240510003458.0 |
| 008 - FIXED-LENGTH DATA ELEMENTS--GENERAL INFORMATION | |
| fixed length control field | 240510b |||||||| |||| 00| 0 eng d |
| 050 00 - LIBRARY OF CONGRESS CALL NUMBER | |
| Classification number | LG 221.R59 |
| Item number | 2023 |
| 100 1# - MAIN ENTRY--PERSONAL NAME | |
| Personal name | Piedad, Richmond, B. |
| Relator term | Researcher |
| 245 ## - TITLE STATEMENT | |
| Title | <a href="Effects of malunggay leaves concoction ">Effects of malunggay leaves concoction </a> |
| Remainder of title | on the growth performance of boiler |
| Statement of responsibility, etc | Piedad, Richmond, B. |
| 260 #1 - PUBLICATION, DISTRIBUTION, ETC. (IMPRINT) | |
| Date of publication, distribution, etc | 2023 |
| 300 ## - PHYSICAL DESCRIPTION | |
| Extent | x, 73 leaves |
| Other physical details | illustration |
| Dimensions | 28cm |
| 336 ## - CONTENT TYPE | |
| Source | rdacontent |
| Content type term | text |
| 337 ## - MEDIA TYPE | |
| Source | rdamedia |
| Media type term | unmediated |
| 338 ## - CARRIER TYPE | |
| Source | rdacarrier |
| Carrier type term | volume |
| 502 ## - DISSERTATION NOTE | |
| Dissertation note | Undergraduate Thesis |
| Degree type | Bachelor of Science in Agriculture |
| Name of granting institution | University of Rizal System, Rodriguez, Rizal |
| Year degree granted | 2023 |
| 520 ## - SUMMARY, ETC. | |
| Summary, etc | The study aimed to determine the potential of Malunggay leaves concoction as a supplement for broiler chicken production. Malunggay leaves, also known as Moringa Oleifera, have been found to have high nutritional value and possess various medicinal properties. The study was conducted in San Isidro, Montalban Rizal, Philippines, and used a randomized complete block design to minimize the effects of confounding variables. A total of 45 broiler chickens were randomly assigned to three treatment groups, with 15 birds in each group.<br/><br/>The treatments were as follows: Treatment 1 (control group) received 2000 ml pure water. Treatment 2 received 200 ml Malunggay leaves concoction mixed with 1800 ml of water, and Treatment 3 received 400 ml Malunggay leaves concoction mixed with 1600 ml of water. The growth performance parameters measured included feed intake, body weight, and feed conversion ratio and water consumption |
| 650 ## - SUBJECT ADDED ENTRY--TOPICAL TERM | |
| Source of heading or term | growth performance |
| 700 ## - ADDED ENTRY--PERSONAL NAME | |
| Personal name | Piedad, Richmond, B |
| Relator term | Researcher |
| 700 ## - ADDED ENTRY--PERSONAL NAME | |
| Personal name | Regalario Ph D., Fredie, C. |
| Relator term | Adviser |
| 942 ## - ADDED ENTRY ELEMENTS (KOHA) | |
| Source of classification or shelving scheme | Library of Congress Classification |
| Koha item type | Theses and dissertations |
| Withdrawn status | Source of classification or shelving scheme | Damaged status | Not for loan | Home library | Current library | Shelving location | Date acquired | Total Checkouts | Full call number | Barcode | Date last seen | Copy number | Price effective from | Koha item type |
|---|---|---|---|---|---|---|---|---|---|---|---|---|---|---|
| Library of Congress Classification | Not For Loan | Rodriguez College Library | Rodriguez College Library | Undergraduate Theses | 05/09/2024 | LG 221.R59.P595 2023 | URSROD-PDR-BAT-0665 | 05/10/2024 | c1 | 05/10/2024 | Theses and dissertations |